[Event "New White Plus GM open"]
[Site "Dhaka BAN"]
[Date "2002.04.06"]
[Round "8"]
[White "Rahman,Zia"]
[Black "Goloshchapov,A"]
[Result "1/2-1/2"]
[WhiteElo "2510"]
[BlackElo "2545"]

1.Nf3 e6 2.c4 d5 3.d4 c6 4.Nc3 Nf6 5.Bg5 Nbd7 6.e3 Qa5 7.Nd2 Bb4 8.Qc2 O-O
9.Be2 c5 10.Nb3 Qa4 11.Bxf6 Nxf6 12.dxc5 dxc4 13.Bxc4 Qc6 14.O-O-O Bxc5 15.Bb5 Qc7
16.g4 Nxg4 17.Bd3 Be7 18.Bxh7+ Kh8 19.Rhg1 f5 20.Bg6 Bd7 21.Bh5 Nh6 22.Kb1 Rac8
23.f4 Bf6 24.Nd4 e5 25.fxe5 Qxe5 26.Nde2 Be8 27.Bxe8 Rfxe8 28.Rg3 Qc5 29.Rd3 Red8
30.Rxd8+ Rxd8 31.a3 Qc4 32.e4 fxe4 33.Re3 Nf5 34.Rxe4 Qd3 35.Re8+ Kh7 36.Rxd8 Qxc2+
37.Kxc2 Bxd8 38.Kd3 Bc7 39.h3 Kg6 40.Nd5 Bd6 41.Ke4 Kg5 42.Nec3 g6 43.Kf3 Kh4
44.Kg2 Be5 45.a4 a6 46.b3 Nd4 47.b4 Nc2 48.Ne4 Ne1+ 49.Kf1 Nf3 50.Kg2 Ne1+
51.Kf1 Nd3 52.Kg2 Ne1+  1/2-1/2

[Event "New White Plus GM open"]
[Site "Dhaka BAN"]
[Date "2002.04.06"]
[Round "8"]
[White "Fominyh,A"]
[Black "Rahman,Tai"]
[Result "1-0"]
[WhiteElo "2536"]
[BlackElo "2264"]

1.c4 e6 2.Nf3 d5 3.g3 Nf6 4.Bg2 Be7 5.O-O O-O 6.b3 b6 7.cxd5 Nxd5 8.Bb2 Bb7
9.d4 Nd7 10.Nbd2 N5f6 11.Nc4 c5 12.dxc5 Nxc5 13.Qxd8 Rfxd8 14.Nd4 Bxg2 15.Kxg2 Rdc8
16.Rfd1 Nd5 17.Rac1 Bg5 18.e3 Nb4 19.Ba3 Ncd3 20.Rb1 Bf6 21.Rd2 e5 22.Nb5 Rd8
23.Nbd6 Be7 24.Rbd1 Rd7 25.Bxb4 Nxb4 26.Nf5 Rxd2 27.Nxe7+ Kf8 28.Rxd2 Kxe7
29.Nxe5 f6 30.Nf3 Rc8 31.Nd4 g6 32.a3 Na6 33.Nb5 Nb8 34.Nxa7 Rc3 35.Rb2 Nd7
36.Nb5 Rd3 37.Nd4 Nc5 38.Kf3 f5 39.Ke2 Rc3 40.f3 Kf6 41.h4 h6 42.Rb1 g5 43.h5 Ke5
44.b4 Na4 45.Rb3 Rc8 46.b5 Rc5 47.Kd3 f4 48.gxf4+ gxf4 49.exf4+ Kf6 50.Rb4 Rc3+
51.Ke4 Rxa3 52.Kd5 Nc5 53.Kc6 Nd3 54.Rc4 Nxf4 55.Kxb6 Nxh5 56.Rc5 Ng3 57.Kc7 Ra4
58.Nc6 Nf5 59.b6 Ng7 60.b7 Ne6+ 61.Kd6  1-0

[Event "FSGMB April"]
[Site "Budapest HUN"]
[Date "2002.04.08"]
[Round "7"]
[White "Nyback,T"]
[Black "Pipa,A"]
[Result "1-0"]
[WhiteElo "2420"]
[BlackElo "2380"]

1.c4 e6 2.Nf3 d5 3.b3 Nf6 4.g3 c6 5.Bg2 Bd6 6.Bb2 Nbd7 7.d4 O-O 8.Nbd2 Qe7
9.O-O e5 10.dxe5 Nxe5 11.Nxe5 Bxe5 12.Bxe5 Qxe5 13.cxd5 Nxd5 14.Nc4 Qh5 15.Bxd5 cxd5
16.Ne3 Be6 17.Rc1 Rac8 18.Qd2 b6 19.Rxc8 Rxc8 20.Rd1 h6 21.Nc2 Qe5 22.Nd4 Rc5
23.Qf4 Qxf4 24.gxf4 g6 25.f3 Bc8 26.Kf2 Bb7 27.Ke3 Kg7 28.Kd2 Kf6 29.h4 Ke7
30.e3 Kd7 31.h5 Ke7 32.Rh1 Kf6 33.hxg6 Kxg6 34.Rg1+ Kf6 35.Rg8 Rc8 36.Rxc8 Bxc8
37.Ke2 Ba6+ 38.Kf2 Bd3 39.b4 a6 40.Kg3 Bf5 41.Kh4 Bd7 42.e4 dxe4 43.fxe4 Kg6
44.a3 Ba4 45.Kg4 Bd1+ 46.Kg3 f6 47.Ne6 Bb3 48.Nf8+ Kf7 49.Nd7 Ke7  1-0

[Event "FSGMB April"]
[Site "Budapest HUN"]
[Date "2002.04.08"]
[Round "7"]
[White "Karttunen,M"]
[Black "Horvath,P1"]
[Result "0-1"]
[WhiteElo "2429"]
[BlackElo "2489"]

1.c4 e6 2.Nf3 d5 3.g3 Nf6 4.Bg2 Be7 5.O-O O-O 6.b3 c5 7.e3 d4 8.exd4 cxd4
9.d3 Nc6 10.Re1 Nd7 11.Na3 e5 12.Nc2 f6 13.a3 a5 14.Rb1 Nc5 15.b4 axb4 16.axb4 Na4
17.Bd2 Bf5 18.Rb3 Qd7 19.Nh4 Bg4 20.Bd5+ Kh8 21.f3 Bh5 22.g4 Bf7 23.Bxf7 Rxf7
24.Nf5 g6 25.Nxe7 Nxe7 26.Qe2 Re8 27.Qe4 Nc8 28.Ra3 Nab6 29.Qe2 f5 30.gxf5 gxf5
31.Qf2 f4 32.Ra5 Rfe7 33.Kh1 Qf5 34.Re4 Nd6 35.Rxd4 Ndxc4 36.Rdd5 Nxd2 37.Rd6 Nc8
38.Rdd5 Qh3  0-1

[Event "Golden Cleopatra"]
[Site "Cairo EGY"]
[Date "2002.04.15"]
[Round "9"]
[White "Mirzoev,A"]
[Black "Rausis,I"]
[Result "1/2-1/2"]
[WhiteElo "2494"]
[BlackElo "2466"]

1.c4 e6 2.Nf3 d5 3.g3 Nf6 4.Bg2 Be7 5.O-O O-O 6.b3 b6 7.Bb2 Bb7 8.d3 Nbd7
9.Nbd2 c5 10.e3 Rc8 11.Qe2 Rc7 12.e4 dxe4 13.dxe4 Qa8 14.Rfe1 Rd8 15.e5 Ne8  1/2-1/2

[Event "XX Open"]
[Site "Metz FRA"]
[Date "2002.04.15"]
[Round "3"]
[White "Plachetka,J"]
[Black "Barsov,A"]
[Result "1/2-1/2"]
[WhiteElo "2422"]
[BlackElo "2527"]

1.c4 e6 2.Nf3 d5 3.d4 Nf6 4.g3 dxc4 5.Qa4+ Nbd7 6.Bg2 a6 7.Nc3 Rb8 8.Qxc4 b5
9.Qd3 Bb7 10.O-O c5 11.dxc5 Nxc5 12.Qxd8+ Rxd8 13.b4 Ncd7 14.a3 Rc8 15.Bb2 Nb6
16.Nd2 Bxg2 17.Kxg2 Bd6 18.Nce4 Ke7 19.Bxf6+ gxf6 20.Nxd6 Kxd6 21.Ne4+ Ke7
22.Nc5 a5 23.bxa5 Rxc5 24.axb6 Rb8 25.a4 Rxb6 26.Rfb1 f5 27.axb5 Rcxb5 28.Ra7+ Kf6  1/2-1/2

[Event "City-ch"]
[Site "St-Petersburg RUS"]
[Date "2002.04.18"]
[Round "3"]
[White "Golcman,E"]
[Black "Popov,Val"]
[Result "0-1"]
[WhiteElo "2225"]
[BlackElo "2593"]

1.c4 e6 2.Nf3 d5 3.d4 c6 4.Qc2 dxc4 5.Qxc4 Nf6 6.g3 b5 7.Qc2 Bb7 8.Bg2 Nbd7
9.O-O c5 10.a4 b4 11.Nbd2 Rc8 12.dxc5 Bxc5 13.Qd3 O-O 14.Ne1 Nd5 15.Nb3 Be7
16.Nf3 Qc7 17.Bd2 Qd6 18.Bg5 f6 19.Be3 Rc7 20.Rfc1 Rfc8 21.Rxc7 Rxc7 22.h4 e5
23.Nfd2 Nxe3 24.Bxb7 Rxb7 25.Qxe3 Nb6 26.a5 Nd5 27.Qe4 Rc7 28.Nc4 Qc6 29.Ne3 Nxe3
30.Qxe3 Qd5 31.h5 g6 32.hxg6 hxg6 33.a6 Kf7 34.Ra5 Qd1+  0-1

[Event "City-ch"]
[Site "St-Petersburg RUS"]
[Date "2002.04.20"]
[Round "5"]
[White "Golcman,E"]
[Black "Ivanov,Se"]
[Result "1/2-1/2"]
[WhiteElo "2225"]
[BlackElo "2546"]

1.c4 e6 2.Nf3 d5 3.g3 dxc4 4.Na3 Bxa3 5.Qa4+ b5 6.Qxa3 Bb7 7.Bg2 Ne7 8.b3 O-O
9.Qc5 cxb3 10.Ba3 Nbc6 11.axb3 Rb8 12.O-O a5 13.Rac1 b4 14.Bb2 f6 15.d3 Qd6
16.Nd2 Qxc5 17.Rxc5 Na7 18.Bh3 Kf7 19.Rxa5 Ra8 20.Rc1 Nac6 21.Rb5 Ra2 22.Rxb7 Rxb2
23.Nc4 Rxe2 24.Rxc7 Rd8 25.Ra1 f5 26.Bf1 Rc2 27.Ra6 Kf6 28.Raxc6 Nxc6 29.Rxc6 Ra8
30.d4 Rd8 31.Rb6 Rxd4 32.Rxb4 g5 33.Rb6 g4 34.Ne3 Rb2 35.Bc4 Re4 36.Bd3 Re5
37.b4 Rd2 38.Bf1 Re4 39.b5 h5 40.Rb8 Rb4 41.Rc8 Ra2 42.Rc6 Ke7 43.Rc7+ Kf6
44.Rc6 Ke7 45.Ra6 Rxa6 46.bxa6 Kf6 47.Bg2 Rb1+ 48.Nf1 Ra1 49.Bb7 e5 50.Kg2 f4
51.gxf4 exf4 52.Nd2 Kg5 53.h3 Kh4 54.hxg4 hxg4 55.Nf3+ gxf3+ 56.Kxf3 Ra4
57.Ke2 Kg4 58.f3+ Kf5 59.Kd3 Ke5 60.Kc3 Kd6 61.Kb3 Ra5 62.Kb4 Ra1 63.Kc4 Kc7
64.Kd4 Re1 65.Be4 Kb6 66.Ke5 Kxa6  1/2-1/2

[Event "Open"]
[Site "Dubai UAE"]
[Date "2002.04.22"]
[Round "6"]
[White "Hakki,I"]
[Black "Ulibin,M"]
[Result "0-1"]
[WhiteElo "2431"]
[BlackElo "2576"]

1.Nf3 e6 2.c4 d5 3.g3 c6 4.Qc2 Bd6 5.d4 f5 6.Bg2 Nf6 7.O-O O-O 8.Bf4 Bxf4
9.gxf4 Ne4 10.Nbd2 Nd7 11.e3 Qe7 12.Rac1 Kh8 13.Nxe4 fxe4 14.Nd2 g5 15.fxg5 Qxg5
16.f4 Qh4 17.Rfe1 Nf6 18.Nf1 Rg8 19.Kh1 Bd7  0-1

[Event "Open"]
[Site "Dubai UAE"]
[Date "2002.04.24"]
[Round "8"]
[White "Filippov,V"]
[Black "Galkin,A"]
[Result "1-0"]
[WhiteElo "2612"]
[BlackElo "2569"]

1.c4 e6 2.Nf3 d5 3.d4 c6 4.g3 dxc4 5.Bg2 b5 6.Ne5 Bb7 7.a4 a6 8.O-O Nd7 9.Nxc6 Qc8
10.d5 Ngf6 11.e4 Bxc6 12.dxc6 Ne5 13.Bf4 Nd3 14.e5 Nd5 15.Nc3 Nxc3 16.bxc3 Bc5
17.axb5 axb5 18.Rxa8 Qxa8 19.c7 Qc8 20.Qf3 Qa6 21.Be3 Bxe3 22.fxe3 Nxe5 23.Qh5  1-0

[Event "TCh-NOR Finals"]
[Site "Oslo NOR"]
[Date "2002.05.08"]
[Round "1"]
[White "Ekeberg,C"]
[Black "Christenson,F"]
[Result "1-0"]
[WhiteElo "2188"]
[BlackElo "2230"]

1.c4 e6 2.Nf3 d5 3.d4 c6 4.g3 dxc4 5.Bg2 b5 6.O-O Bb7 7.Ne5 f6 8.Nf3 c5 9.b3 cxb3
10.Qxb3 Qd7 11.dxc5 Bxc5 12.Rd1 Bd5 13.Qd3 Ne7 14.Nc3 Bc6 15.Qb1 Qb7 16.Qb3 Kf7
17.Bh3 Qc8 18.Nxb5 Bd5 19.Qa4 Qc6 20.Bb2 Nd7 21.Nc3 Rab8 22.Qc2 Rhc8 23.e4 Bc4
24.Bg2 Nb6 25.Rab1 e5 26.Ba1 Be6 27.Ne1 Bd4 28.Rbc1 Nc4 29.Qe2 Qb6 30.Nd5 Bxd5
31.Bxd4 exd4 32.exd5 Ne5 33.Nd3 Nxd3 34.Qxd3 Rxc1 35.Rxc1 Qb4 36.Qxh7 Qd2
37.Rf1 Qg5 38.Qe4 Qe5 39.Qf3 Nf5 40.Bh3 Nd6 41.Be6+ Kf8 42.Qa3 Rb7 43.Qa5 g6
44.Re1 Ne4 45.Qd8+ Kg7 46.f4 Qd6 47.Qg8+ Kh6 48.Rxe4 Qc5 49.Qh8+ Rh7 50.Qxf6 d3+
51.Kg2 Qc2+ 52.Kh3 Qf2 53.f5 Qf1+ 54.Kh4 Rg7 55.Rg4  1-0

[Event "ch-URU"]
[Site "Montevideo URU"]
[Date "2002.05.10"]
[Round "5"]
[White "Valiente,C"]
[Black "Curi,G"]
[Result "1/2-1/2"]
[WhiteElo "2331"]
[BlackElo "2267"]

1.c4 e6 2.Nf3 d5 3.g3 c6 4.Bg2 Nf6 5.Qc2 Nbd7 6.d4 Bd6 7.Nbd2 O-O 8.O-O Qe7
9.b3 e5 10.cxd5 cxd5 11.dxe5 Nxe5 12.Bb2 Bg4 13.Rae1 Rac8 14.Qb1 Rfe8 15.Nxe5 Bxe5
16.e4 Bxb2 17.Qxb2 dxe4 18.Nxe4 Nxe4  1/2-1/2

[Event "ch-UKR"]
[Site "Alushta UKR"]
[Date "2002.05.11"]
[Round "9"]
[White "Kushch,N"]
[Black "Sivayev,A"]
[Result "1-0"]
[WhiteElo "2405"]
[BlackElo "2337"]

1.c4 e6 2.Nf3 d5 3.b3 Nf6 4.Bb2 Be7 5.g3 O-O 6.Bg2 b6 7.O-O Bb7 8.d4 c5 9.e3 Nc6
10.Nbd2 Rc8 11.Qe2 dxc4 12.bxc4 cxd4 13.exd4 Ba6 14.Rac1 Na5 15.Rfd1 Qc7
16.Bf1 Rfd8 17.Qe3 Ne8 18.Bd3 Bb7 19.Re1 Nc6 20.d5 exd5 21.cxd5 Rxd5 22.Bxh7+ Kf8
23.Be4 Rc5 24.Rxc5 bxc5 25.Bb1 Nb4 26.Ne5 Bf6 27.Bf5 Bxe5 28.Bxc8 Bxc8 29.Bxe5 Qc6
30.Rc1 Na6 31.Qe4 Qxe4 32.Nxe4 Be6 33.Nxc5 Nxc5 34.Rxc5 Bxa2 35.Ra5 Be6 36.Rxa7 f6
37.Bd4 Bf7 38.f4 Kg8 39.Bc5 Bg6 40.Kf2 f5 41.Bd4 Bf7 42.Be5  1-0

[Event "Open"]
[Site "Pula CRO"]
[Date "2002.05.17"]
[Round "7"]
[White "Fucak,E"]
[Black "Doric,D"]
[Result "1-0"]
[WhiteElo "2314"]
[BlackElo "2228"]

1.c4 e6 2.Nf3 d5 3.d4 c6 4.e3 Nf6 5.Bd3 Nbd7 6.O-O Bd6 7.Nbd2 O-O 8.e4 dxe4
9.Nxe4 Nxe4 10.Bxe4 e5 11.dxe5 Bxe5 12.Nxe5 Nxe5 13.Bxh7+ Kxh7 14.Qh5+ Kg8
15.Qxe5 Re8 16.Qg3 Bf5 17.Be3 Qf6 18.b3 Qg6 19.Qxg6 Bxg6 20.Rfd1 Bf5 21.h3 a5
22.g4 Be6 23.a4 b5 24.axb5 cxb5 25.cxb5 Bxb3 26.Rd7 a4 27.b6 Rad8 28.Rxd8 Rxd8
29.Bf4 Bd5 30.Rxa4 Ra8 31.Rd4 Ra1+ 32.Kh2 Rh1+ 33.Kg3 Rg1+ 34.Kh4 Bc6 35.Rc4 Bd5
36.Rc5 Be4 37.Rc1 Rxc1 38.Bxc1 f6 39.f4 g6 40.f5 g5+  1-0

[Event "Spring"]
[Site "Tel Aviv ISR"]
[Date "2002.05.22"]
[Round "3"]
[White "Kreizberg,M"]
[Black "Deutsch,E"]
[Result "1/2-1/2"]
[WhiteElo "2334"]
[BlackElo "2224"]

1.c4 e6 2.Nf3 d5 3.b3 Nf6 4.g3 b6 5.Bg2 Bb7 6.O-O Be7 7.Bb2 O-O 8.e3 c5 9.Qe2 Nc6
10.Rd1 Qc8 11.d3 Rd8 12.Nbd2 d4 13.exd4 cxd4 14.Re1 Bc5 15.Ng5 h6 16.Nge4 Nxe4
17.Nxe4 Bb4 18.Rec1 Bf8 19.a3 a5 20.Rc2 Bc5 21.Bc1 Qc7 22.Rb1 Qe7 23.Nxc5 bxc5
24.Bd2 Rdb8 25.Rcb2 Re8 26.b4 axb4 27.axb4 cxb4 28.Bxb4 Nxb4 29.Bxb7 Qxb7
30.Rxb4 Qe7 31.Qe4 Qf6 32.c5 Ra2 33.R4b2 Rxb2 34.Rxb2 Rc8 35.Kg2 g6 36.Rc2 e5
37.f3 Qe6 38.f4 Qb3 39.Rc4 exf4 40.gxf4 Qd1 41.Kg3 Qg1+ 42.Kh3 Qf1+ 43.Kg3 Qg1+
44.Kh3  1/2-1/2

[Event "11th Open"]
[Site "Chicago USA"]
[Date "2002.05.25"]
[Round "2"]
[White "Vigorito,D"]
[Black "Kaidanov,G"]
[Result "0-1"]
[WhiteElo "2339"]
[BlackElo "2616"]

1.c4 e6 2.Nf3 d5 3.d4 Nf6 4.Bg5 dxc4 5.Qa4+ Nbd7 6.Qxc4 c5 7.Nc3 a6 8.Rd1 b5
9.Qb3 Qa5 10.Bd2 Qb6 11.e3 Bb7 12.Be2 Bd6 13.O-O O-O 14.a3 e5 15.dxc5 Nxc5
16.Qc2 e4 17.Nd4 Rac8 18.b4 Na4 19.Nxa4 Bxh2+ 20.Kh1 bxa4 21.Qxa4 Be5 22.b5 Nd5
23.g3 Bxd4 24.bxa6 Ba8 25.Qxd4 Qxd4 26.exd4 e3 27.fxe3 Nc3+  0-1

[Event "TCh-BIH"]
[Site "Neum BIH"]
[Date "2002.06.05"]
[Round "5"]
[White "Dumpor,A"]
[Black "Covic,D"]
[Result "1/2-1/2"]
[WhiteElo "2376"]
[BlackElo "2331"]

1.c4 e6 2.Nf3 d5 3.g3 Nf6 4.Bg2 Be7 5.O-O O-O 6.b3 b6 7.Bb2 Bb7 8.d4 Na6
9.Nc3 c5 10.cxd5 exd5 11.Ne5 Nc7 12.e3 Ne6 13.Rc1 Rc8 14.Qd2 Qd6 15.Rfd1 Rfd8
16.h4 Qb8 17.Qe2 Bd6 18.Nb5 Ba6 19.a4 cxd4 20.Nc6 Rxc6 21.Rxc6 dxe3 22.Qxe3 Bc5
23.Qe2 d4 24.Qc4 Bb7 25.Rxe6 fxe6 26.Bxb7 Qxb7 27.b4 Bf8 28.Rxd4 Rxd4 29.Qxe6+ Qf7
30.Qxf7+ Kxf7 31.Bxd4 a6 32.Nc7 b5 33.axb5 axb5 34.Bc3 Ne4 35.Be1 Nd6 36.Kg2 Be7
37.f4 Bd8 38.Nd5 Ke6 39.Nc3 h5 40.Kf3 Kf5 41.Nd5 Nc4 42.Bc3 g6 43.Be1 Nd6
44.Ke3 Kg4 45.Kf2 Kf5 46.Kf3 Nc4 47.Bc3 Nd6 48.Ne3+ Ke6 49.Be5 Nf5 50.Bc3 Nxe3
51.Kxe3 Kd5 52.Be1 Be7 53.Kd3 Bf8 54.Bc3 Be7 55.Be1 Bf8 56.Bd2 Be7  1/2-1/2

[Event "TCh-BIH"]
[Site "Neum BIH"]
[Date "2002.06.06"]
[Round "7"]
[White "Cekro,E"]
[Black "Gavric,M"]
[Result "1/2-1/2"]
[WhiteElo "2419"]
[BlackElo "2380"]

1.c4 e6 2.Nf3 d5 3.b3 Nf6 4.g3 Be7 5.Bg2 O-O 6.O-O c5 7.Bb2 Nc6 8.e3 b6 9.Qc2 Ba6
10.d3 Rc8 11.Nc3 Qc7 12.Rac1 Rfd8 13.Rfd1 Qb8 14.Bh3 h6  1/2-1/2

[Event "3rd IECC"]
[Site "Batumi GEO"]
[Date "2002.06.12"]
[Round "1"]
[White "Mchedlishvili,M"]
[Black "Essing,A"]
[Result "1-0"]
[WhiteElo "2540"]
[BlackElo "2286"]

1.c4 e6 2.Nf3 d5 3.d4 c5 4.e3 Nf6 5.Nc3 Nc6 6.a3 a6 7.dxc5 Bxc5 8.b4 Ba7
9.Bb2 O-O 10.Qc2 Qe7 11.Rd1 dxc4 12.Bxc4 Bd7 13.Ne4 Nxe4 14.Qxe4 Rfe8 15.Qg4 g6
16.h4 Rad8 17.h5 e5 18.Qg3 Bb8 19.hxg6  1-0

[Event "3rd IECC"]
[Site "Batumi GEO"]
[Date "2002.06.13"]
[Round "2"]
[White "Jirovsky,M"]
[Black "Essing,A"]
[Result "1-0"]
[WhiteElo "2446"]
[BlackElo "2286"]

1.c4 e6 2.Nf3 d5 3.g3 c5 4.Bg2 Nc6 5.O-O Nf6 6.cxd5 exd5 7.d4 Be7 8.Nc3 O-O
9.b3 Ne4 10.Bb2 Bf6 11.Na4 b6 12.Rc1 Ba6 13.dxc5 Bxb2 14.Nxb2 bxc5 15.Na4 Re8
16.Re1 c4 17.Nd2 Qg5 18.Nxe4 dxe4 19.Qd6 Rac8 20.Nc5 Red8 21.Nxe4 Rxd6 22.Nxg5 Rd2
23.bxc4 Nd4 24.Bf1 Rxa2 25.Nf3 Nb3 26.Rc3 Bxc4 27.Rb1 Na5 28.Ne5 f6 29.Bh3 fxe5
30.Bxc8 Kf7 31.e4 Ke7 32.Bb7 Kd6 33.Bd5 Kc5 34.Rbc1 Ra4 35.Rf3 Kd6 36.Rf7 Bxd5
37.exd5 Nb3 38.Rcc7 Kxd5 39.Rxa7  1-0

[Event "3rd IECC"]
[Site "Batumi GEO"]
[Date "2002.06.13"]
[Round "2"]
[White "Anastasian,A"]
[Black "Bagirov,R"]
[Result "1/2-1/2"]
[WhiteElo "2591"]
[BlackElo "2516"]

1.c4 e6 2.Nf3 d5 3.g3 Nf6 4.Bg2 dxc4 5.Qa4+ c6 6.Qxc4 b5 7.Qc2 Bb7 8.O-O c5
9.a4 b4 10.d3 Nbd7 11.Nbd2 a5 12.Nc4 Be7 13.Bg5 O-O 14.Bxf6 Bxf6 15.Nfd2 Bd5
16.Ne3 Nb6 17.Rab1 Rc8 18.Ndc4 Bxc4 19.Nxc4 Nxc4 20.Qxc4 Qb6 21.Qb3 Rfd8
22.Rfc1 g6 23.Rc2 Rc7 24.h4 h5 25.Rbc1 Rdc8 26.Rc4 Qd6 27.Bf3 Qe5 28.R1c2 Rd8
29.Kg2 Kg7 30.e3 Qd6 31.Rd2 Rb8 32.Rc1 Qa6 33.Rdc2 Rbc8 34.Rc4 Qd6 35.Qc2 Qb6
36.Qe2 Qd6 37.Qc2 Qb6 38.Bd1 Be7 39.f4 f5 40.e4 Rd8 41.Bf3 Rcd7 42.Rd1 Rd4
43.Qe2 Rxc4 44.dxc4 Rxd1 45.Qxd1 Qd6 46.Qc2 Qd4 47.e5 Kf7 48.Kh3 Qd7 49.Qg2 Qxa4
50.Bc6 Qd1 51.Kh2 Qd4 52.b3 Qe3 53.Ba4 Qd3 54.Qa8 Qe2+ 55.Kh3 Qd3 56.Qb7 Qf1+
57.Kh2 Qe2+ 58.Qg2 Qd1 59.Qb7  1/2-1/2

[Event "3rd IECC"]
[Site "Batumi GEO"]
[Date "2002.06.18"]
[Round "7"]
[White "Mchedlishvili,M"]
[Black "Potkin,V"]
[Result "1/2-1/2"]
[WhiteElo "2540"]
[BlackElo "2493"]

1.c4 e6 2.Nf3 d5 3.d4 c5 4.e3 Nf6 5.Nc3 Nc6 6.a3 cxd4 7.exd4 Be7 8.c5 Ne4
9.Qc2 Nxc3 10.Qxc3 a5 11.Bb5 Bd7 12.O-O a4 13.b4 axb3 14.Qxb3 Na5  1/2-1/2

[Event "3rd IECC"]
[Site "Batumi GEO"]
[Date "2002.06.18"]
[Round "7"]
[White "Anastasian,A"]
[Black "Godena,M"]
[Result "1/2-1/2"]
[WhiteElo "2591"]
[BlackElo "2481"]

1.c4 e6 2.Nf3 d5 3.g3 Nf6 4.Bg2 dxc4 5.Qa4+ c6 6.Qxc4 b5 7.Qc2 Bb7 8.O-O Nbd7
9.d3 Be7 10.Nbd2 O-O 11.b3 Qb6 12.Bb2 Rfd8 13.Rac1 c5 14.Qb1 Nd5 15.a3 Bf6
16.Rc2 a5 17.Bxf6 N5xf6 18.a4 b4 19.Rfc1 Nd5 20.Qb2 Rac8 21.Ne5 N7f6 22.Nec4 Qa7
23.Ne4 Nxe4 24.Bxe4 Ba6 25.Nxa5 Bxd3 26.Bxd3 Qxa5 27.Rd2 Nc3 28.Bc4 Qa8 29.Ra1 Qa5
30.Qc2 g6 31.Rd3 Rxd3 32.exd3 Rd8 33.Re1 Qc7 34.Qd2 Kg7 35.Qe3 Nd5 36.Qg5 Ne7
37.Qe3 Nf5 38.Qe5+ Qxe5 39.Rxe5 Rc8 40.f4 Kf6 41.Kf2 h5 42.a5 Ke7 43.h3 Kd6
44.Re1 Ra8 45.a6 Kc6 46.g4 hxg4 47.hxg4 Nd4 48.Rh1 Nb5 49.Ra1 Na3 50.Kf3 Kb6
51.Ke4 f5+ 52.Ke5 Nxc4+ 53.dxc4 fxg4 54.Rg1 Rxa6 55.Rxg4 Ra1 56.Rxg6 Re1+
57.Kd6 Re3 58.Rxe6 Rxb3 59.Kd5+ Kc7 60.Rc6+ Kd7 61.Rxc5 Rb1 62.Rb5 b3 63.Rb7+ Kc8
64.Kc6 Rc1  1/2-1/2

[Event "3rd IECC"]
[Site "Batumi GEO"]
[Date "2002.06.23"]
[Round "11"]
[White "Marin,M"]
[Black "Godena,M"]
[Result "1-0"]
[WhiteElo "2556"]
[BlackElo "2481"]

1.c4 e6 2.Nf3 d5 3.d4 c6 4.e3 Nd7 5.Nc3 Ngf6 6.Qc2 Bd6 7.b3 O-O 8.Be2 Re8
9.O-O Qe7 10.Bb2 dxc4 11.bxc4 e5 12.Rae1 Bc7 13.Qc1 e4 14.Ba3 Qe6 15.Ng5 Qf5
16.f4 Nb6 17.Nh3 Be6 18.d5 Bd7 19.d6 Bb8 20.Nf2 h5 21.h3 Qg6 22.Qd1 Qg3 23.Bc5 Bf5
24.Bd4 Nbd7 25.c5 b5 26.Bxh5 a6 27.Bg4 g6 28.Ne2 Qh4 29.g3 Qh7 30.Bxf6 Nxf6
31.Nd4 Rc8 32.Bxf5 gxf5 33.g4 fxg4 34.Nxg4 Nd7 35.Nf5 Ba7 36.Ne7+ Kg7 37.Nxc8 Rxc8
38.Rf2 Rf8 39.Rg2 Rh8 40.Rg3 f6 41.Qd2 Bxc5 42.Qa5 Kf7 43.Qxa6 Qf5 44.Qxc6 Qe6
45.Qxb5 Rh5 46.Qe2 Ke8 47.a4 Rd5 48.Rd1 Rxd1+ 49.Qxd1 Qa2 50.Nh6 Nf8 51.Qh5+ Kd8
52.Qxc5  1-0

[Event "ISYG-W16"]
[Site "Moscow RUS"]
[Date "2002.06.23"]
[Round "6"]
[White "Chistiakova,T"]
[Black "Rogule,A"]
[Result "1-0"]
[WhiteElo "2207"]
[BlackElo "2059"]

1.c4 e6 2.Nf3 d5 3.b3 d4 4.g3 c5 5.e3 Nc6 6.exd4 cxd4 7.d3 e5 8.Bg2 Bg4 9.h3 Bd7
10.O-O Nge7 11.Ba3 g6 12.Re1 f6 13.b4 Qc8 14.b5 Nd8 15.Nbd2 Nf5 16.Bxf8 Kxf8
17.Ne4 Kg7 18.g4 Ne7 19.Nxd4 exd4 20.Nd6 Qc7 21.Rxe7+ Kf8 22.Ne8 Qc8 23.Qe2 h5
24.Bd5 hxg4 25.Nxf6 Ne6 26.Bxe6  1-0

[Event "Milivoj Petrov Mem"]
[Site "Pancevo YUG"]
[Date "2002.06.24"]
[Round "1"]
[White "Halkias,S"]
[Black "Robulj,N"]
[Result "1-0"]
[WhiteElo "2566"]
[BlackElo "2206"]

1.Nf3 e6 2.c4 d5 3.d4 c6 4.e3 Nf6 5.Bd3 Nbd7 6.O-O Bd6 7.Nbd2 O-O 8.e4 dxe4
9.Nxe4 Nxe4 10.Bxe4 h6 11.Bc2 Re8 12.Re1 b6 13.Qd3 Nf8 14.Ne5 Bb7 15.Bf4 Qf6
16.Qe3 Rad8 17.Rad1 c5 18.dxc5 Bxc5 19.Qg3 Rxd1 20.Rxd1 g5 21.Ng4 Qxf4 22.Qxf4 gxf4
23.Nf6+ Kh8 24.Nxe8 Bc6 25.Nd6 Kg7 26.Nc8 b5 27.b4 Bxb4 28.Nxa7 Bd7 29.Nxb5  1-0

[Event "13th Open"]
[Site "Ljubljana SLO"]
[Date "2002.06.25"]
[Round "4"]
[White "Kurajica,B"]
[Black "Raspor,G"]
[Result "1/2-1/2"]
[WhiteElo "2555"]
[BlackElo "2098"]

1.c4 e6 2.Nf3 d5 3.g3 Nf6 4.Bg2 Be7 5.O-O O-O 6.Qc2 Nbd7 7.b3 b6 8.cxd5 Nxd5
9.Nc3 Bb7 10.Nxd5 Bxd5 11.e4 Bb7 12.d4 c5 13.Rd1 cxd4 14.Nxd4 Rc8 15.Qe2 a6
16.Be3 Ba3 17.Nc2 Bc5 18.Bf4 Qe8 19.Bd6 Bxd6 20.Rxd6 b5 21.Rad1 Nb8 22.Ne3 Qe7
23.Qd2 Qc7 24.h4 Qc3 25.Rb6 Ba8 26.Qxc3 Rxc3 27.e5 Bxg2 28.Kxg2 Rfc8 29.Kf3 Kf8
30.Rb7 Ke8 31.Ke4 R3c7 32.Rxc7 Rxc7 33.h5 h6 34.f4 Rd7 35.Rc1 Kd8 36.Rc2 Rc7
37.Rxc7 Kxc7 38.g4 Nc6 39.g5 Ne7 40.gxh6 gxh6 41.f5 exf5+ 42.Nxf5 Ng8 43.b4 Kd7
44.Nd4 Ne7 45.a3 Ng8 46.Kf5 Ke8 47.e6 Kf8 48.Ke5 Ne7 49.exf7 Kxf7 50.Nf5 Ng8
51.Nd6+ Ke7 52.Ne4 Kf7 53.Kd6 Ne7 54.Nc5 Nf5+ 55.Ke5 Ne3 56.Nxa6 Nc4+ 57.Kf5 Nxa3
58.Nc7 Nc2 59.Nd5 Nd4+ 60.Ke5 Nc6+ 61.Kf5 Nd4+ 62.Ke5 Nc6+ 63.Ke4 Ke6 64.Nc7+  1/2-1/2

[Event "Open"]
[Site "Oberwart AUT"]
[Date "2002.07.05"]
[Round "1"]
[White "Fridman,D"]
[Black "Angerer,M"]
[Result "1-0"]
[WhiteElo "2571"]
[BlackElo "2072"]

1.Nf3 e6 2.c4 d5 3.d4 c6 4.Nbd2 f5 5.g3 Nf6 6.Bg2 Bd6 7.O-O O-O 8.b3 Bd7
9.Ne5 Be8 10.Nd3 Ne4 11.Nf3 Bh5 12.Re1 Nd7 13.Bf4 Bxf4 14.Nxf4 Qe8 15.Qc1 g5
16.Nd3 Qe7 17.Nfe5 Nd6 18.Nxd7 Qxd7 19.Qxg5+ Bg6 20.Nf4 Rf7 21.c5 Nb5 22.Nxg6 hxg6
23.Qxg6+ Rg7 24.Qf6 Rf8 25.Qe5 f4 26.e4 fxg3 27.fxg3  1-0

[Event "ch-SCO"]
[Site "Stirling SCO"]
[Date "2002.07.06"]
[Round "1"]
[White "Grant,J"]
[Black "Mcgowan,D"]
[Result "0-1"]
[WhiteElo "2201"]
[BlackElo "2016"]

1.c4 e6 2.Nf3 d5 3.b3 Nf6 4.g3 b6 5.Bg2 Bb7 6.O-O Be7 7.Bb2 O-O 8.e3 Nbd7
9.Nc3 c5 10.Qe2 Ne4 11.Rac1 Bf6 12.Rfd1 Qe7 13.d4 Nxc3 14.Bxc3 Rfd8 15.h4 Rac8
16.Qb2 h6 17.Nh2 cxd4 18.exd4 Qd6 19.Ng4 Qb8 20.c5 Ba6 21.Nxf6+ Nxf6 22.Bd2 Qb7
23.Bf4 Ne4 24.Be3 Qe7 25.Qa3 Be2 26.Re1 Bh5 27.Bf4 g5 28.hxg5 hxg5 29.Be3 Qf6
30.cxb6 axb6 31.Rxc8 Rxc8 32.Qa6 Rc2 33.Qxb6 Nxf2 34.Rf1 Rxa2 35.Qb8+ Kh7
36.Rxf2 Ra1+ 37.Kh2 Qg6 38.Qe5 Bg4  0-1

[Event "Open"]
[Site "Oberwart AUT"]
[Date "2002.07.08"]
[Round "4"]
[White "Weiss,C"]
[Black "Wukits,R"]
[Result "1-0"]
[WhiteElo "2421"]
[BlackElo "2293"]

1.c4 e6 2.Nf3 d5 3.b3 Nf6 4.g3 c6 5.Bg2 Nbd7 6.Bb2 Bd6 7.O-O O-O 8.d3 Qe7
9.Qc2 e5 10.a3 Re8 11.cxd5 cxd5 12.Nc3 a6 13.Nh4 Nb6 14.e4 Be6 15.exd5 Nbxd5
16.Nxd5 Nxd5 17.d4 Rac8 18.Qd3 exd4 19.Qxd4 Nf6 20.b4 Rc4 21.Nf5 Qc7 22.Nxd6 Rxd4
23.Nxe8 Nxe8 24.Bxd4 f6 25.Rfe1  1-0

[Event "ch-NOR"]
[Site "Roros NOR"]
[Date "2002.07.10"]
[Round "6"]
[White "Ostenstad,B"]
[Black "Gausel,E"]
[Result "1/2-1/2"]
[WhiteElo "2444"]
[BlackElo "2504"]

1.c4 e6 2.Nf3 d5 3.d4 c6 4.Qc2 Nf6 5.Bg5 h6 6.Bh4 dxc4 7.Qxc4 b5 8.Qc2 Bb7
9.e3 Nbd7 10.Nbd2 a6 11.a4 Rc8 12.axb5 cxb5 13.Qb3 Bd5 14.Qd1 Qb6 15.Bd3 Bb4
16.O-O Bb7 17.Qe2 O-O 18.Rfd1 Rfe8 19.Bg3 Nh5 20.Be5 Nhf6 21.Bg3 Nh5 22.Be5 Nhf6  1/2-1/2

[Event "3rd Stage Russian Cup"]
[Site "Tomsk RUS"]
[Date "2002.07.10"]
[Round "3"]
[White "Monastyrev,S"]
[Black "Yudin,S"]
[Result "0-1"]
[WhiteElo "2191"]
[BlackElo "2328"]

1.c4 e6 2.Nf3 d5 3.e3 Nf6 4.b3 c6 5.Bb2 Nbd7 6.Qc2 Bd6 7.a3 e5 8.Nc3 a6 9.Rc1 O-O
10.Be2 Qe7 11.b4 Re8 12.d3 Nf8 13.c5 Bc7 14.Na4 Ng6 15.h4 h5 16.g3 Bg4 17.Ng5 a5
18.O-O Bxe2 19.Qxe2 axb4 20.Qc2 bxa3 21.Bxa3 b5 22.cxb6 Qxa3 23.Ra1 Qe7 24.bxc7 Qxc7
25.Rfc1 Ng4 26.Rcb1 e4 27.dxe4 dxe4 28.Nxe4 Nxh4 29.Nac5 Ng6 30.Rb7 Qe5 31.Qb3 Qf5
32.Rc7 Rxe4 33.Qd3 Rxa1+ 34.Kg2 Nh4+ 35.gxh4 Nxe3+  0-1

[Event "ch-SCO"]
[Site "Stirling SCO"]
[Date "2002.07.13"]
[Round "8"]
[White "McNab,C"]
[Black "Redpath,J"]
[Result "1-0"]
[WhiteElo "2404"]
[BlackElo "2174"]

1.c4 e6 2.Nf3 d5 3.b3 Be7 4.Bb2 Nf6 5.g3 O-O 6.Bg2 b6 7.O-O Bb7 8.d3 Nbd7
9.Nc3 c6 10.Qc2 Qc7 11.Rad1 Rad8 12.e3 Qb8 13.Qe2 Qa8 14.e4 dxe4 15.dxe4 c5
16.Rfe1 Nb8 17.e5 Ne8 18.Rxd8 Bxd8 19.Qd3 Be7 20.Ne4 Nc6 21.h4 Nc7 22.Nf6+ gxf6
23.exf6 Qd8 24.Qc3 Bd6 25.Qe3 Kh8 26.Ng5  1-0